| 000 | 00490ntaaa2200181 4500 | ||
|---|---|---|---|
| 003 | 01 | ||
| 005 | 20251027201245.0 | ||
| 008 | 0714s1973 ag 01 | ||
| 040 |
_aAR-BaBN _bspa _cAR-BaBN _eaacr _dRIC |
||
| 082 | _a220.93 C81a | ||
| 100 |
_aCornfield, Gaalyah _910768 |
||
| 245 |
_aArqueología de la Biblia; de Abraham a Jesús. / _cGaalyah Cornfield |
||
| 250 | _a1 ed. | ||
| 260 |
_aBuenos Aires : _bLerú, _c1980 |
||
| 300 | _a416 p. | ||
| 650 |
_aBiblia-Arqueología _91445 |
||
| 942 | _cBK | ||
| 999 |
_c6945 _d6945 |
||